Knowledge Management/ (Record no. 196741)

MARC details
000 -LEADER
fixed length control field 00534nam a22001817a 4500
005 - DATE AND TIME OF LATEST TRANSACTION
control field 20230724163744.0
010 ## - LCCN (DPL NO)
LC control number ENG-137546
020 ## - INTERNATIONAL STANDARD BOOK NUMBER
International Standard Book Number 9788120341784
Terms of availability 495.00
035 ## - SYSTEM CONTROL NUMBER
System control number EN-121078
037 ## - SOURCE OF ACQUISITION
Source of stock number/acquisition DBAD/PUB
082 ## - DEWEY DECIMAL CLASSIFICATION NUMBER
Classification number 658.4038
100 ## - MAIN ENTRY--PERSONAL NAME
Personal name Mruthyunjaya, H.C.
245 10 - TITLE STATEMENT
Title Knowledge Management/
Remainder of title by H.C. Mruthyunjaya
260 ## - PUBLICATION, DISTRIBUTION, ETC. (IMPRINT)
Place of publication, distribution, etc New Delhi
Name of publisher, distributor, etc PHI Learning Private Limited
Date of publication, distribution, etc 2011
270 ## - ADDRESS
Address M-97, Connaught Circus,
City Delhi-110001
300 ## - PHYSICAL DESCRIPTION
Extent 724p.
Dimensions 23cm(pbk)
942 ## - ADDED ENTRY ELEMENTS (KOHA)
Source of classification or shelving scheme Dewey Decimal Classification
Item type English Books
Call number suffix MRU
Classification part 658.4038

No items available.


© Delhi Public Library
Hit Counter
free hit counter